[Event "Landesklasse Ost 2024/25"]
[Site "?"]
[Date "2024.10.20"]
[Round "2.3"]
[White "Heß, Jürgen"]
[Black "Schade, Holger"]
[Result "1-0"]
[WhiteElo "1878"]
[BlackElo "1770"]
[PlyCount "151"]
[EventDate "2024.09.15"]
[EventType "team-tourn"]
[EventRounds "9"]
[WhiteTeam "SG Arnstadt-Stadtilm"]
[BlackTeam "SC Turm Erfurt"]

{[%evp 0,151,31,18,18,17,17,15,16,-4,-12,4,16,4,11,0,-8,-4,26,26,26,22,15,19,13,22,25,24,18,-16,-6,-17,-31,-35,-35,-35,-11,-14,4,-8,1,-2,-2,-6,12,6,0,-7,31,-2,14,-5,-6,-3,3,11,10,10,-41,-33,19,25,25,27,38,46,46,42,41,38,84,91,103,88,87,87,85,54,92,85,72,61,73,50,39,87,97,97,110,116,143,137,146,124,125,110,154,115,110,110,148,133,109,87,106,105,245,252,739,250,190,282,282,330,330,346,392,399,399,399,412,446,482,751,1016,1015,1015,1022,1022,1032,1032,1032,25065,1299,1299,1299,1299,29960,29961,29964,29981,29982,29983,29984,29985,29982,29983,29978,29989,29990,29991,29992,29999,-30000]} 1. e4 e5 2. Nf3 Nc6 3. Bb5 a6 4. Ba4 Nf6 5. O-O Be7 6. Re1 d6 7. d4 b5 8. dxe5 Nxe5 9. Nxe5 dxe5 10. Qxd8+ Bxd8 11. Bb3 Bb7 12. f3 O-O 13. Be3 Be7 14. a3 Rfd8 15. Nd2 Nd7 16. Nf1 Nc5 17. Red1 Nxb3 18. cxb3 Rxd1 19. Rxd1 Rd8 20. Rxd8+ Bxd8 21. Bc5 f6 22. b4 Kf7 23. Nd2 Be7 24. Kf2 Bc8 25. Ke3 Be6 26. g3 g5 27. f4 gxf4+ 28. gxf4 exf4+ 29. Kxf4 Bd6+ 30. Bxd6 cxd6 31. Nf3 d5 32. e5 Bc8 33. Nd4 Bh3 34. Nb3 Ke7 35. Nc5 Bc8 36. b3 Kf7 37. a4 Ke7 38. Nd3 Ke6 39. Nc5+ Ke7 40. Nd3 Ke6 41. Nc5+ Ke7 42. e6 Bxe6 43. Nxa6 d4 44. Nc5 Bd5 45. a5 Kd6 46. Ne4+ Ke6 47. Ng3 Bxb3 48. Ke4 d3 49. Kxd3 Kd5 50. Nf5 Bc4+ 51. Kc3 Ke5 52. Nd4 f5 53. a6 f4 54. a7 Bd5 55. Nxb5 f3 56. Kd3 Bc6 57. Ke3 Kd5 58. Nc7+ Kc4 59. a8=Q Bxa8 60. Nxa8 f2 61. Kxf2 Kxb4 62. Ke3 Kc5 63. Kf4 Kd6 64. Kg5 Ke7 65. h4 Kf7 66. Kh6 Kg8 67. Nc7 Kh8 68. Ne6 Kg8 69. Ng5 Kh8 70. Nxh7 Kg8 71. Kg6 Kh8 72. Ng5 Kg8 73. h5 Kh8 74. h6 Kg8 75. h7+ Kh8 76. Nf7# 1-0

[Event "Landesklasse Ost 2024/25"]
[Site "?"]
[Date "2024.10.20"]
[Round "2.4"]
[White "Strohner, Maximilian"]
[Black "Kaiser, Markus"]
[Result "1/2-1/2"]
[WhiteElo "1688"]
[BlackElo "1688"]
[PlyCount "89"]
[EventDate "2024.09.15"]
[EventType "team-tourn"]
[EventRounds "9"]
[WhiteTeam "SC Turm Erfurt"]
[BlackTeam "SG Arnstadt-Stadtilm"]

1. e4 c6 2. d4 d5 3. e5 c5 4. dxc5 e6 5. Nf3 Bxc5 6. Bd3 Ne7 7. O-O Ng6 8. a3 Qc7 9. b4 Be7 10. Bb2 Nc6 11. Re1 O-O 12. Nbd2 Nf4 13. Bf1 f6 14. c4 fxe5 15. cxd5 exd5 16. Rc1 e4 17. b5 exf3 18. Nxf3 Bg4 19. Be5 Qd7 20. bxc6 bxc6 21. Qa4 Nh3+ 22. gxh3 Bxf3 23. Rxc6 Qf5 24. Bg3 Be4 25. Qb3 Qf3 26. Qxf3 Rxf3 27. Bg2 Rxa3 28. Bxe4 dxe4 29. Rxe4 Bf6 30. Rg4 h5 31. Rgc4 Re8 32. Rc8 Rxc8 33. Rxc8+ Kh7 34. Ra8 a5 35. Kf1 a4 36. Ke2 Ra2+ 37. Kd3 h4 38. Bd6 Rxf2 39. Rxa4 Rf3+ 40. Ke4 Rxh3 41. Kf5 Rd3 42. Bf4 Rd5+ 43. Ke6 Rb5 44. Bc7 Rb7 45. Rc4 1/2-1/2

[Event "Landesklasse Ost 2024/25"]
[Site "?"]
[Date "2024.10.20"]
[Round "2.5"]
[White "Grkinic, Domjan"]
[Black "Stöcklein, Paul"]
[Result "1-0"]
[WhiteElo "1627"]
[BlackElo "1634"]
[PlyCount "83"]
[EventDate "2024.09.15"]
[EventType "team-tourn"]
[EventRounds "9"]
[WhiteTeam "SG Arnstadt-Stadtilm"]
[BlackTeam "SC Turm Erfurt"]

1. d4 d5 2. Nf3 Nf6 3. c4 e6 4. Nc3 Be7 5. Bf4 a6 6. e3 O-O 7. Bd3 dxc4 8. Bxc4 b5 9. Bd3 Bb7 10. O-O Nbd7 11. Re1 c5 12. dxc5 Bxc5 13. Ne5 Nxe5 14. Bxe5 b4 15. Bxf6 Qxf6 16. Qh5 g6 17. Qxc5 bxc3 18. Qxc3 Qxc3 19. bxc3 Rfd8 20. Red1 Rac8 21. Rac1 Rc5 22. Be2 Rdc8 23. c4 Bd5 24. Rc3 Kf8 25. f3 f5 26. Kf2 Ke7 27. g3 e5 28. f4 exf4 29. exf4 Be4 30. Re3 Rd8 31. Rxd8 Kxd8 32. Ra3 a5 33. Ke3 Kc7 34. Kd4 Kd6 35. Rb3 Kc6 36. Rb5 Rxb5 37. cxb5+ Kd6 38. Bc4 h6 39. h4 a4 40. a3 Bc2 41. Bf7 Ke7 42. Ke5 1-0

[Event "Landesklasse Ost 2024/25"]
[Site "?"]
[Date "2024.10.20"]
[Round "2.6"]
[White "Waldhelm, Bernward"]
[Black "Grkinic, Goran"]
[Result "1/2-1/2"]
[WhiteElo "1606"]
[BlackElo "1869"]
[PlyCount "97"]
[EventDate "2024.09.15"]
[EventType "team-tourn"]
[EventRounds "9"]
[WhiteTeam "SC Turm Erfurt"]
[BlackTeam "SG Arnstadt-Stadtilm"]

{[%evp 0,97,18,17,53,23,33,7,7,-22,-2,-22,-43,-29,-39,-17,-28,-18,-6,-6,12,18,8,-11,10,12,16,16,15,18,32,7,-6,0,-28,-42,-39,-34,-54,-45,-38,-48,-44,-45,-45,-59,-52,-78,-75,-65,-58,-58,-65,-58,-57,-62,-59,-59,-58,-53,-17,-31,-36,-41,-44,-49,-44,-44,-24,-18,79,0,69,-48,-65,-149,8,3,0,0,0,-27,-24,-24,-6,0,0,0,0,-100,-70,-52,0,0,0,0,0,0,0,0]} 1. e4 c5 2. d4 cxd4 3. c3 d5 4. Qxd4 dxe4 5. Bb5+ Bd7 6. Bxd7+ Qxd7 7. Qxe4 Nf6 8. Qe2 Nc6 9. Nf3 O-O-O 10. Be3 Ng4 11. O-O e5 12. Nbd2 f5 13. Nc4 Qc7 14. h3 Nxe3 15. Qxe3 e4 16. Nd4 Bc5 17. Ne6 Bxe3 18. Nxc7 Kxc7 19. fxe3 Rd5 20. Rad1 Rhd8 21. Rxd5 Rxd5 22. Rf2 Ne7 23. Rd2 b5 24. Rxd5 Nxd5 25. Na3 Nxe3 26. Nxb5+ Kb6 27. Nd4 g6 28. b3 h6 29. g3 Nd5 30. Ne2 Kc5 31. Kf2 g5 32. a3 a6 33. c4 Ne7 34. Ke3 h5 35. Nd4 Kd6 36. b4 Ke5 37. Ne2 Ng6 38. b5 axb5 39. cxb5 f4+ 40. gxf4+ gxf4+ 41. Kf2 e3+ 42. Ke1 f3 43. b6 Kd6 44. a4 Ne5 45. Nd4 f2+ 46. Ke2 Nc4 47. Nf5+ Kc6 48. Nxe3 Nxe3 49. Kxf2 1/2-1/2

[Event "Landesklasse Ost 2024/25"]
[Site "?"]
[Date "2024.10.20"]
[Round "2.7"]
[White "Degel, Steven"]
[Black "Boroshnev, Dmytro"]
[Result "1/2-1/2"]
[WhiteElo "1590"]
[BlackElo "1670"]
[PlyCount "104"]
[EventDate "2024.09.15"]
[EventType "team-tourn"]
[EventRounds "9"]
[WhiteTeam "SG Arnstadt-Stadtilm"]
[BlackTeam "SC Turm Erfurt"]

1. c4 e5 2. Nc3 Nf6 3. e3 d6 4. Nf3 g6 5. Be2 Bg7 6. d4 Nbd7 7. O-O O-O 8. dxe5 dxe5 9. b3 Re8 10. Qc2 c6 11. Bb2 Qe7 12. a3 Nf8 13. b4 Qc7 14. e4 Bg4 15. h3 Bxf3 16. Bxf3 Ne6 17. Ne2 Rad8 18. Rad1 h5 19. Bc1 Nh7 20. g3 Rxd1 21. Rxd1 Rd8 22. a4 Rxd1+ 23. Qxd1 Qd8 24. Qxd8+ Nxd8 25. Be3 Bf8 26. b5 a6 27. g4 h4 28. Nc1 Ne6 29. Nd3 f6 30. Bd1 Nhg5 31. Kg2 c5 32. f4 exf4 33. Nxf4 Nxf4+ 34. Bxf4 Ne6 35. Be3 Bd6 36. Bf3 Be5 37. Bd2 g5 38. Kf1 Kf7 39. bxa6 bxa6 40. a5 Ke7 41. Bd1 Kd6 42. Ba4 Nc7 43. Ke2 Bh2 44. Kf3 Be5 45. Ke2 Bh2 46. Kd3 Bg3 47. Be3 Be5 48. Bc2 Ne6 49. Ba4 Nc7 50. Bf2 Bf4 51. e5+ Bxe5 52. Ke4 Ne6 1/2-1/2

[Event "Landesklasse Ost 2024/25"]
[Site "?"]
[Date "2024.10.20"]
[Round "2.8"]
[White "Grüner, Nico"]
[Black "Marufke, Kai"]
[Result "1/2-1/2"]
[WhiteElo "1565"]
[BlackElo "1683"]
[PlyCount "87"]
[EventDate "2024.09.15"]
[EventType "team-tourn"]
[EventRounds "9"]
[WhiteTeam "SC Turm Erfurt"]
[BlackTeam "SG Arnstadt-Stadtilm"]

1. d4 f5 2. c4 e6 3. a3 b6 4. e3 Bb7 5. Nf3 Nf6 6. Nc3 Be7 7. Be2 O-O 8. O-O Ne4 9. Bd2 d6 10. b4 Nd7 11. Qb3 g5 12. c5 d5 13. Nxe4 fxe4 14. Ne1 Qe8 15. Bb5 c6 16. Be2 b5 17. Qd1 Nf6 18. Nc2 Bd8 19. f4 exf3 20. Bxf3 Bc7 21. Qe2 Qg6 22. Qd1 g4 23. Be2 Qh6 24. g3 Qh3 25. Be1 Ne4 26. Rf4 Bxf4 27. exf4 Rf7 28. Bxg4 Qh6 29. Ne3 Raf8 30. Be2 Rg7 31. Ng4 Qh3 32. Nf2 Nxf2 33. Bxf2 Rxf4 34. Bf1 Qf5 35. Be3 Rf3 36. Qd2 Qe4 37. Re1 Qg6 38. Bf4 Rf7 39. Kh1 Rxa3 40. Re5 Qb1 41. Re1 Qa2 42. Qd1 Rxf4 43. gxf4 Qf2 44. Qh5 1/2-1/2

[Event "Landesklasse West 2024/25"]
[Site "?"]
[Date "2024.10.20"]
[Round "2.1"]
[White "Kirsch, Uwe"]
[Black "Möller, Axel"]
[Result "1/2-1/2"]
[WhiteElo "1919"]
[BlackElo "1988"]
[PlyCount "61"]
[EventDate "2024.09.15"]
[EventType "team-tourn"]
[EventRounds "9"]
[WhiteTeam "TSG Ruhla"]
[BlackTeam "SV Ammern"]

{[%evp 0,61,19,31,25,27,56,33,48,43,42,29,30,-6,28,27,42,31,53,56,60,-140,-134,-195,-200,-200,-173,-177,-179,-179,-186,-209,-207,-226,-160,-159,-164,-226,-148,-141,-31,-50,-26,-20,12,12,72,0,0,0,0,15,67,118,124,112,119,123,134,134,191,134,134,152]} 1. d4 Nf6 2. Nf3 d6 3. g3 g6 4. Bg2 Bg7 5. O-O O-O 6. b3 Nbd7 7. Bb2 Ne4 8. c4 c5 9. Qc2 Ndf6 10. Rd1 Bf5 11. Nh4 Nxf2 12. Nxf5 Nxd1 13. Qxd1 gxf5 14. Bxb7 Rb8 15. Bg2 Ng4 16. Qd3 e6 17. h3 Nf6 18. Nd2 cxd4 19. Bxd4 e5 20. Bxa7 e4 21. Qe3 Nd5 22. cxd5 Bxa1 23. Bxb8 Qxb8 24. Qg5+ Bg7 25. Qxf5 Qb6+ 26. Kh2 Qd4 27. Nxe4 Qe5 28. Qd7 h5 29. h4 Qa1 30. Qf5 Qe5 31. Qd7 1/2-1/2

[Event "Landesklasse West 2024/25"]
[Site "?"]
[Date "2024.10.20"]
[Round "2.2"]
[White "Thon, Philipp"]
[Black "von Otte, Wilhelm"]
[Result "1/2-1/2"]
[WhiteElo "1956"]
[BlackElo "1900"]
[PlyCount "47"]
[EventDate "2024.09.15"]
[EventType "team-tourn"]
[EventRounds "9"]
[WhiteTeam "SV Ammern"]
[BlackTeam "TSG Ruhla"]

{[%evp 0,47,27,39,83,57,58,61,54,64,68,36,23,28,68,59,59,41,60,44,36,34,37,-5,18,-9,17,2,4,-9,3,-2,-2,-23,-21,-70,-33,-13,-42,-48,9,9,17,-51,-51,-46,-41,-32,6,-22]} 1. e4 b6 2. d4 Bb7 3. Bd3 e6 4. Nf3 Nf6 5. Nbd2 d5 6. e5 Ne4 7. Qe2 Nxd2 8. Bxd2 c5 9. c3 Be7 10. h4 Nc6 11. g4 a5 12. Bg5 h6 13. Bxe7 Qxe7 14. Qe3 c4 15. Bc2 a4 16. Nd2 b5 17. f4 b4 18. a3 b3 19. Bd1 O-O-O 20. Bf3 Na7 21. O-O-O Nb5 22. Nb1 Kb8 23. Rdf1 g6 24. Rfg1 1/2-1/2

[Event "Landesklasse West 2024/25"]
[Site "?"]
[Date "2024.10.20"]
[Round "2.3"]
[White "Thrän, Uwe"]
[Black "Dawydow, Alexej"]
[Result "0-1"]
[WhiteElo "1748"]
[BlackElo "1954"]
[PlyCount "176"]
[EventDate "2024.09.15"]
[EventType "team-tourn"]
[EventRounds "9"]
[WhiteTeam "TSG Ruhla"]
[BlackTeam "SV Ammern"]

{[%evp 0,176,27,27,27,-16,0,-6,37,47,87,66,66,48,69,75,92,52,53,46,48,51,46,45,72,73,83,62,161,124,120,75,86,48,61,64,50,33,48,65,79,77,83,65,59,35,34,-70,-88,-73,-80,-98,-75,-80,-35,-30,0,-4,20,0,0,-7,12,0,0,0,-1,-30,15,-10,38,0,55,30,27,0,0,0,35,0,35,0,65,9,0,4,4,0,0,0,53,83,88,84,79,79,79,39,43,-15,-27,-32,22,0,0,-19,0,0,0,-349,-366,-366,-367,-366,-366,-355,-356,-375,-376,-407,-404,-422,-405,-413,-407,-407,-414,-434,-434,-434,-404,-407,-407,-395,-407,-489,-460,-425,-394,-394,-394,-394,-415,-507,-507,-507,-511,-511,-511,-797,-807,-29989,-511,-517,-507,-500,-500,-506,-507,-506,-505,-506,-533,-766,-510,-510,-510,-510,-867,-29959,-29986,-29991,-29992,-29993,-29994,-29995,-29994,-29995,-29992]} 1. d4 d5 2. c4 e6 3. Nc3 c6 4. e3 f5 5. Nf3 Nf6 6. Bd3 Bd6 7. O-O Nbd7 8. Qc2 O-O 9. b3 Qe8 10. cxd5 Nxd5 11. Nxd5 cxd5 12. Bb2 Qh5 13. Ne5 f4 14. Be2 Qg5 15. Nf3 Qh6 16. e4 dxe4 17. Qxe4 Nf6 18. Qd3 Bd7 19. Ne5 Bxe5 20. dxe5 Nd5 21. Bf3 Bc6 22. Bxd5 Rad8 23. Qh3 Qxh3 24. gxh3 Rxd5 25. Rad1 Ra5 26. a3 Bf3 27. Rd6 Rf6 28. Rc1 Rg6+ 29. Kf1 Bc6 30. b4 Rb5 31. Bd4 Rd5 32. Rxd5 exd5 33. Bxa7 Kf7 34. Bd4 Ke6 35. f3 Kf5 36. Rc5 b6 37. Rc3 Bb5+ 38. Kf2 Bc4 39. a4 Rh6 40. Kg2 g5 41. a5 bxa5 42. bxa5 Ra6 43. Ra3 h5 44. Ra1 g4 45. hxg4+ hxg4 46. fxg4+ Kxg4 47. Bb6 Kf5 48. Re1 d4 49. h4 d3 50. Rd1 Kxe5 51. Kf2 Ra8 52. Rc1 Kd5 53. Kf3 Bb3 54. Kxf4 d2 55. Rg1 d1=Q 56. Rxd1+ Bxd1 57. Kg5 Ke6 58. h5 Rg8+ 59. Kh6 Rh8+ 60. Kg5 Rxh5+ 61. Kf4 Be2 62. Ke3 Ba6 63. Kf4 Re5 64. Bc7 Rc5 65. Bb6 Rc4+ 66. Ke3 Ke5 67. Kf3 Bb7+ 68. Ke3 Rc3+ 69. Kd2 Ra3 70. Kc2 Kd5 71. Kb2 Rd3 72. Kc2 Kc4 73. Bc7 Be4 74. Bb6 Kb4 75. Kb2 Rd2+ 76. Kc1 Ra2 77. Kd1 Kc3 78. Ke1 Bf3 79. Kf1 Kd3 80. Kg1 Bd5 81. Kf1 Re2 82. Kg1 Ke4 83. Kf1 Kf3 84. Bd8 Be6 85. Bb6 Bh3+ 86. Kg1 Bg2 87. Kh2 Re1 88. Bg1 Ra1 0-1

[Event "Landesklasse West 2024/25"]
[Site "?"]
[Date "2024.10.20"]
[Round "2.4"]
[White "Salaske, Peter"]
[Black "Fink, Klaus"]
[Result "1/2-1/2"]
[WhiteElo "1833"]
[BlackElo "1761"]
[PlyCount "66"]
[EventDate "2024.09.15"]
[EventType "team-tourn"]
[EventRounds "9"]
[WhiteTeam "SV Ammern"]
[BlackTeam "TSG Ruhla"]

{[%evp 0,66,27,39,46,53,45,24,25,5,95,64,77,77,74,94,64,71,80,58,65,76,57,49,96,96,103,77,90,88,98,62,83,74,71,30,48,11,0,-27,62,90,84,46,72,78,77,71,103,93,125,89,102,126,128,67,101,38,57,33,57,42,59,-78,-85,-78,-80,-80,-74]} 1. e4 c5 2. Nf3 Nc6 3. d4 cxd4 4. Nxd4 g6 5. Nxc6 dxc6 6. Qxd8+ Kxd8 7. Bc4 Ke8 8. O-O Bg7 9. c3 Nf6 10. f3 Nd7 11. Be3 e5 12. Nd2 Bf8 13. b4 b5 14. Be2 Nb6 15. f4 Bh6 16. g3 Be6 17. a3 Rd8 18. Rac1 f5 19. c4 bxc4 20. Nxc4 exf4 21. gxf4 Nxc4 22. Bxc4 Bxc4 23. Rxc4 fxe4 24. Rxc6 Kf7 25. Rc7+ Kf6 26. Rxa7 Rd3 27. Kf2 Rc8 28. Re1 Bf8 29. Re2 Rcc3 30. Rxh7 Rxa3 31. b5 Rxe3 32. Rxe3 Bc5 33. Rhh3 Kf5 1/2-1/2

[Event "Landesklasse West 2024/25"]
[Site "?"]
[Date "2024.10.20"]
[Round "2.5"]
[White "Brückmann, Volker"]
[Black "Breuer, Harald"]
[Result "1-0"]
[WhiteElo "1728"]
[BlackElo "1763"]
[PlyCount "67"]
[EventDate "2024.09.15"]
[EventType "team-tourn"]
[EventRounds "9"]
[WhiteTeam "TSG Ruhla"]
[BlackTeam "SV Ammern"]

{[%evp 0,67,27,-16,-16,-36,36,36,36,17,17,16,16,33,10,18,0,18,14,-6,20,-20,14,17,31,14,20,21,31,27,24,-4,-10,-7,-4,-42,-31,-16,-49,-55,-58,-156,-13,-19,-22,-47,-27,-26,0,16,7,7,4,7,8,15,43,38,49,46,159,153,150,151,329,236,384,484,29991,29992]} 1. c4 Nf6 2. Nc3 g6 3. Nf3 Bg7 4. g3 O-O 5. Bg2 c6 6. O-O d5 7. cxd5 cxd5 8. d4 Nc6 9. a3 Bd7 10. b4 Qc8 11. Bd2 Bh3 12. Rc1 Bxg2 13. Kxg2 Qd7 14. Qb3 e6 15. Rc2 Ne4 16. e3 Nd6 17. a4 a6 18. Rfc1 Nc4 19. Be1 Rfc8 20. Nd2 Na7 21. b5 Nd6 22. Rb1 axb5 23. axb5 Naxb5 24. Nxb5 Rxc2 25. Nxd6 Rxd2 26. Bxd2 Qxd6 27. Qxb7 Qa3 28. Bb4 Qa7 29. Qc6 Rb8 30. Bd6 Rd8 31. Rb7 Qa5 32. Be7 Ra8 33. Qd7 Bf8 34. Bf6 1-0

[Event "Landesklasse West 2024/25"]
[Site "?"]
[Date "2024.10.20"]
[Round "2.6"]
[White "Hentrich, Jörg"]
[Black "Voß, Ewald"]
[Result "1-0"]
[WhiteElo "1769"]
[BlackElo "1653"]
[PlyCount "31"]
[EventDate "2024.09.15"]
[EventType "team-tourn"]
[EventRounds "9"]
[WhiteTeam "SV Ammern"]
[BlackTeam "TSG Ruhla"]

{[%evp 0,31,39,39,23,-2,-1,8,21,23,16,16,69,57,129,119,211,208,258,245,261,258,373,361,369,369,384,382,382,361,361,238,377,399]} 1. e4 e5 2. f4 d6 3. Nf3 Bg4 4. Bc4 Nf6 5. Nc3 Be7 6. fxe5 dxe5 7. Bxf7+ Kxf7 8. Nxe5+ Ke8 9. Nxg4 Qd4 10. d3 Rf8 11. Be3 Qd7 12. Nxf6+ Rxf6 13. Qh5+ Rf7 14. O-O-O g6 15. Qd5 c6 16. Qb3 1-0

[Event "Landesklasse West 2024/25"]
[Site "?"]
[Date "2024.10.20"]
[Round "2.7"]
[White "Hagen, Matthias"]
[Black "Schorch, Rüdiger"]
[Result "0-1"]
[WhiteElo "1632"]
[BlackElo "1919"]
[PlyCount "66"]
[EventDate "2024.09.15"]
[EventType "team-tourn"]
[EventRounds "9"]
[WhiteTeam "TSG Ruhla"]
[BlackTeam "SV Ammern"]

{[%evp 0,66,27,27,58,2,25,-5,30,19,13,5,8,-3,80,32,-1,-4,-4,-26,-21,-52,-49,-60,-53,-66,-47,-63,-59,-64,-56,-44,-51,-101,-102,-115,-121,-158,-152,-195,-206,-220,-197,-194,-200,-190,-149,-184,-168,-203,-188,-188,-198,-227,-163,-255,-190,-173,-192,-180,-180,-237,-247,-266,-261,-263,-267,-605,-616]} 1. Nf3 c5 2. g3 Nc6 3. Bg2 g6 4. O-O Bg7 5. d3 d5 6. Nbd2 e5 7. e4 d4 8. a4 Be6 9. h4 f6 10. Ne1 Nh6 11. Nc4 O-O 12. Bd2 Bg4 13. Qc1 Nf7 14. f4 Nd6 15. Nxd6 Qxd6 16. f5 gxf5 17. exf5 Qd7 18. Be4 Ne7 19. b4 Nxf5 20. Bxf5 Bxf5 21. bxc5 Be6 22. Kh2 Qc6 23. Qb2 Rf7 24. Qb5 Rc8 25. Bb4 Bf8 26. Nf3 Bd5 27. Nd2 Bxc5 28. Bxc5 Qxb5 29. axb5 Rxc5 30. Rac1 Rxb5 31. c4 dxc3 32. Rxc3 Rb2 33. Rd1 Bf3 0-1

[Event "Landesklasse West 2024/25"]
[Site "?"]
[Date "2024.10.20"]
[Round "2.8"]
[White "Kampfhenkel, Ulrich"]
[Black "Kabisch, Roland"]
[Result "1-0"]
[WhiteElo "1912"]
[BlackElo "1570"]
[PlyCount "91"]
[EventDate "2024.09.15"]
[EventType "team-tourn"]
[EventRounds "9"]
[WhiteTeam "SV Ammern"]
[BlackTeam "TSG Ruhla"]

{[%evp 0,91,27,18,53,46,59,38,31,31,31,48,83,68,36,39,34,34,44,21,33,24,25,8,13,-56,-82,-44,34,-68,-68,-72,179,112,73,32,0,15,82,87,77,77,87,82,130,88,75,102,97,115,93,93,105,87,129,11,10,14,7,5,13,13,70,62,79,77,86,81,87,64,85,92,103,94,112,115,113,114,113,113,116,114,110,120,117,117,123,92,2008,1143,1157,1183,1199,1199]} 1. e4 c5 2. Nf3 e6 3. d4 cxd4 4. Nxd4 Nc6 5. Be3 d6 6. Bd3 Nf6 7. O-O Be7 8. Nc3 Bd7 9. f4 O-O 10. Nxc6 Bxc6 11. Qf3 d5 12. e5 d4 13. Qh3 g6 14. exf6 Bxf6 15. Rad1 h5 16. Bxg6 fxg6 17. Qxe6+ Kg7 18. Bf2 Qb6 19. Nd5 Bxd5 20. Qxd5 Rad8 21. Qb3 Qc6 22. Rd2 Rfe8 23. Rfd1 Re4 24. Qf3 Rde8 25. Bxd4 Bxd4+ 26. Rxd4 Qb6 27. Qf2 Re1+ 28. Rxe1 Rxe1+ 29. Qxe1 Qxd4+ 30. Kh1 Qxf4 31. h3 Qd6 32. c4 Qa6 33. Qc3+ Kf7 34. a3 Qc6 35. b4 Qd7 36. c5 Qb5 37. Qf3+ Ke6 38. Qe4+ Kf6 39. Qf4+ Kg7 40. Kh2 Qd7 41. Qe5+ Kh6 42. Qh8+ Kg5 43. h4+ Kxh4 44. Qf6+ Kg4 45. Qxg6+ Kf4 46. Qd6+ 1-0

[Event "Landesklasse West 2024/25"]
[Site "?"]
[Date "2024.10.20"]
[Round "2.1"]
[White "Minor, Viatcheslav"]
[Black "Hübschmann, Holger"]
[Result "1-0"]
[WhiteElo "1960"]
[BlackElo "1951"]
[PlyCount "65"]
[EventDate "2024.09.15"]
[EventType "team-tourn"]
[EventRounds "9"]
[WhiteTeam "SV Wartburgstadt Eisenach"]
[BlackTeam "Randspringer Bad Salzungen"]

{[%evp 0,65,18,17,46,2,52,29,18,11,28,28,21,22,26,18,22,1,7,-4,-22,-9,-14,-11,9,-15,-21,3,7,-10,1,1,-1,0,14,-25,0,6,42,55,60,67,96,53,124,101,99,95,175,168,278,280,322,319,319,324,340,355,409,315,316,327,420,443,403,405,635,593]} 1. e4 e6 2. d3 c5 3. Nf3 Nc6 4. g3 d6 5. Bg2 h6 6. O-O Nf6 7. Re1 e5 8. c3 Be7 9. a3 O-O 10. b4 a6 11. Nbd2 Qc7 12. Nc4 Be6 13. Ne3 Rad8 14. Qe2 b5 15. Bb2 Rfe8 16. Rad1 Bb3 17. Rd2 Be6 18. Nh4 Qc8 19. Nhf5 Bf8 20. Qf3 Kh7 21. d4 d5 22. exd5 e4 23. Qd1 Bxf5 24. dxc6 cxd4 25. cxd4 Nd5 26. Nxf5 Qxf5 27. Qc2 g6 28. Bxe4 Qg5 29. Red1 Rc8 30. Bg2 Re6 31. Qb3 Rd6 32. Rc2 h5 33. Rc5 1-0

[Event "Landesklasse West 2024/25"]
[Site "?"]
[Date "2024.10.20"]
[Round "2.2"]
[White "Roth, Ralf"]
[Black "Mutka, Oleksandr"]
[Result "1-0"]
[WhiteElo "1839"]
[BlackElo "1791"]
[PlyCount "127"]
[EventDate "2024.09.15"]
[EventType "team-tourn"]
[EventRounds "9"]
[WhiteTeam "Randspringer Bad Salzungen"]
[BlackTeam "SV Wartburgstadt Eisenach"]

{[%evp 0,127,18,27,82,45,44,48,71,70,68,59,56,37,69,53,78,37,60,47,48,36,40,45,73,49,61,60,66,57,66,57,52,47,63,30,70,48,43,22,3,-32,8,-21,-21,-27,-9,-3,23,-7,209,199,198,198,194,188,203,207,207,136,193,226,372,390,526,544,620,522,541,362,362,342,398,371,487,395,434,449,626,611,657,658,663,567,573,642,750,764,1038,1035,1046,717,799,708,679,706,872,729,854,881,993,1006,1049,1179,1115,1309,1309,1235,1292,1414,29993,900,2029,1088,1446,1598,29987,1155,29973,2201,29985,29982,29983,1305,29991,29992,29993,29994,29999,-30000]} 1. d4 f5 2. c4 Nf6 3. Nc3 g6 4. Nf3 Bg7 5. g3 O-O 6. Bg2 d6 7. O-O c6 8. b3 Qe8 9. Ba3 Na6 10. Qc2 Nc7 11. Rac1 Bh6 12. e3 Bd7 13. h4 Ng4 14. Qe2 Rd8 15. Ng5 Ne6 16. Nh3 Ng7 17. d5 Nh5 18. Ng5 Bg7 19. dxc6 bxc6 20. Qe1 Bf6 21. f3 Ne5 22. Rd1 h6 23. Nh3 Kh8 24. Kf2 Nxg3 25. Kxg3 g5 26. hxg5 hxg5 27. Rh1 Kg7 28. Kf2 Qg6 29. Ke2 f4 30. exf4 gxf4 31. Nxf4 Qg5 32. Bc1 Kf7 33. Ne4 Qg7 34. Qg3 Qxg3 35. Nxg3 Rg8 36. Rh7+ Kf8 37. Kf2 Bg5 38. Ne4 Bf5 39. Nxg5 Bxh7 40. Nxh7+ Ke8 41. Rh1 Rb8 42. Bh3 Rb6 43. Be6 Rg7 44. Ng5 Kd8 45. Ne4 Ra6 46. Nc3 Kc7 47. Be3 c5 48. a4 Kc6 49. Nb5 Kb6 50. Rh8 Nc6 51. Nd5+ Ka5 52. Bd2+ Nb4 53. Ra8 Rh7 54. Bxb4+ cxb4 55. Bc8 Rh8 56. Nbc7 e6 57. Nxe6 Rg8 58. Nec7 Rf8 59. f4 Rh8 60. Rb8 Rb6 61. Nxb6 Rh5 62. Nd7 a6 63. Rb6 d5 64. Rxa6# 1-0

[Event "Landesklasse West 2024/25"]
[Site "?"]
[Date "2024.10.20"]
[Round "2.3"]
[White "Neef, Michael"]
[Black "Schulz, Tilo"]
[Result "1-0"]
[WhiteElo "1778"]
[BlackElo "1882"]
[PlyCount "41"]
[EventDate "2024.09.15"]
[EventType "team-tourn"]
[EventRounds "9"]
[WhiteTeam "SV Wartburgstadt Eisenach"]
[BlackTeam "Randspringer Bad Salzungen"]

{[%evp 0,41,18,27,20,-5,53,43,41,37,37,6,8,22,15,18,24,19,39,27,34,29,33,29,36,44,37,30,36,30,68,72,79,41,77,77,117,130,139,150,244,254,441,435]} 1. d4 Nf6 2. c4 g6 3. Nc3 Bg7 4. e4 d6 5. f3 O-O 6. Be3 Nbd7 7. Bd3 e5 8. d5 Nc5 9. Bc2 a5 10. a3 Nh5 11. Nge2 f5 12. O-O f4 13. Bf2 Qg5 14. Kh1 Rf7 15. b4 Nd7 16. Nb5 Qd8 17. c5 axb4 18. axb4 Rxa1 19. Qxa1 Nf8 20. Qa8 g5 21. Na7 1-0

[Event "Landesklasse West 2024/25"]
[Site "?"]
[Date "2024.10.20"]
[Round "2.4"]
[White "Burkhardt, Christian"]
[Black "Arnold, Sebastian"]
[Result "1/2-1/2"]
[WhiteElo "1711"]
[BlackElo "1661"]
[PlyCount "45"]
[EventDate "2024.09.15"]
[EventType "team-tourn"]
[EventRounds "9"]
[WhiteTeam "Randspringer Bad Salzungen"]
[BlackTeam "SV Wartburgstadt Eisenach"]

{[%evp 0,45,18,25,30,-9,28,31,16,25,25,15,15,38,13,4,7,-5,-1,4,-6,-11,-1,-7,-21,-15,12,0,41,41,49,34,45,34,31,3,3,-5,11,54,68,-13,-9,-14,0,-31,-22,-22]} 1. d4 Nf6 2. c4 b6 3. Nc3 Bb7 4. Nf3 e6 5. a3 d5 6. cxd5 Nxd5 7. e3 Nxc3 8. bxc3 Nd7 9. Bd3 c5 10. Qe2 Qc7 11. Bb2 Rc8 12. O-O Bd6 13. e4 cxd4 14. cxd4 O-O 15. e5 Be7 16. Rac1 Qb8 17. Ba6 Rfd8 18. Rfd1 Qa8 19. Bxb7 Qxb7 20. Nd2 Rxc1 21. Rxc1 Bg5 22. Rc2 Bxd2 23. Rxd2 1/2-1/2